| 000 | 00696nam a2200217Ia 4500 | ||
|---|---|---|---|
| 001 | 9701 | ||
| 003 | GE_BSU | ||
| 008 | 181216s||||||||xx |||||||||||||| ||und|| | ||
| 040 | _cGE_BSU | ||
| 080 | _a821.353.1-32 | ||
| 100 | _aნაცვალაძე,დავით | ||
| 245 | _aპეტრას სტუმარი | ||
| 245 | _bმოთხრობები | ||
| 245 | _cრედ:შ.ზოიძე;მხატვ:.დ.ნემსაძე | ||
| 260 | _aბათუმი. | ||
| 260 | _bსაბჭ.აჭარა. | ||
| 260 | _c1972. | ||
| 300 | _a117გვ;20სმ. | ||
| 653 | _aპეტრას სტუმარი:მოთხრობები | ||
| 942 | _cBK | ||
| 999 |
_c42984 _d42984 |
||